000 00572nam a2200169Ia 4500
003 SGT
020 _a9780198062271
082 _a621.3822
_bLAT
100 _aLathi, B. P.
245 _aPrinciples of linear systems and signals
250 _a2nd Ed.
260 _bOxford University Press
_aN.Delhi
_c2012
300 _a960p.
650 _aELECTRONICS ENGINEERING
653 _aSIGNALS AND SYSTEMS,TIME-DOMAIN ANALYSIS OF CONTINUOUS-TIME SYSTEMS TIME-DOMAIN ANALYSIS OF DISCRETE-TIME SYSTEMS,CONTINUOUS-TIME SYSTEMS ANALYSIS USING THE ;LAPLACE TRANSFORM
942 _2ddc
_cBK
999 _c5511
_d5511